000 01936cad a2200325 4500
008 100930n2009 000 0 eng u
020 _a9780203935729
035 _a(Sirsi) u151111
041 _aeng
050 _a711.52
_c18
100 _aRatcliffe, John
245 _aUrban planning and real estate development
_h[electronic resource]
250 _a3rd ed.
260 _bRoutledge
_c2009
300 _aeBook
350 _a27.50
490 _aSpon Natural and Built Environment Series
520 _aThis third (eBook) edition guides students through the procedural and practical aspects of developing land from the point of view of both planner and developer. The planning system is explained, from the increasing emphasis on spatial planning at a regional level down to the detailed perspective of the development control process and the specialist requirements of historic buildings and conservation areas. At the same time the authors explain the entire development process from inception through appraisal, valuation and financing to completion and disposal. In recent years both planning and real estate development have had to become increasingly aware of their legal and moral obligations. Sustainability and corporate social responsibility and their impact on the planning and development processes are covered in detail. This is a textbook for real estate and planning students, and helps to meet the requirements of the RICS and RTPI Assessment of Professional Competence.
520 _aSupersedes second edition (ISBN 0415272629)
650 _aPFI
650 2 4 _aEBOOK
650 _aPPG3
650 _aPPG11
651 4 _aENGLAND AND WALES
690 _aENVIRONMENTAL AND LAND CONSULTANCY-PLANNING AND DEVELOPMENT
700 _aStubbs, Michael
700 _aKeeping, Miles
856 4 8 _uhttps://www.vlebooks.com/
_zView on VLEbooks. Logins for members only from [email protected]
942 _n0
999 _c111162
_d111162